00529nam a2200181Ia 4500008004100000020001800041082001700059100002400076245003800100250000600138260002800144300001600172500002400188650001400212942000700226952009700233999001700330230524s9999 xx 000 0 und d a9789380578859 a620.106bSAW aG.S. Sawhney942929 0aFundamentals of Fluid Mechanics  a2 bI.K.Internationalc2012 a"VII,753p;" aQuantity Number: 1 aMechanics cBK 00104070aTATCLbTATCLcGENd2023-05-24l0o620.106 SAWp54186r2023-05-24w2023-05-24yBK c57893d57893